| 000 | 02217nam0a2200337 i 4500 | ||
|---|---|---|---|
| 001 | RU\NLR\BIBL_A\010856004 | ||
| 005 | 20260406002526.0 | ||
| 010 |
_a9785882476945 _9100 |
||
| 021 |
_aRU _b2015-66423 _93971 |
||
| 035 | _a(NILC)RuMoRGB-008008028 | ||
| 035 | _a(NLR Aleph) 010856004 | ||
| 090 |
_a10396794 _c10396794 |
||
| 100 | _a20151005d2014 km y0rusy50 ca | ||
| 101 | 0 | _arus | |
| 102 | _aRU | ||
| 105 | _aa|||j|||000yy | ||
| 200 | 1 |
_aСтруктурированные модификации углерода в железоуглеродистых сплавах _eучебное пособие _e[для студентов 3-го курса металлургического института, изучающих дисциплины "Теория металлургических расплавов" и "Теоретические основы сталеплавильных процессов"] _fА. Н. Роготовский, А. А. Шипельников, В. Г. Михайлов _gМ-во образования и науки Рос. Федерации, Федер. гос. бюджет. образоват. учреждение высш. проф. образования "Липец. гос. техн. ун-т", [Каф. металлургии] |
|
| 210 |
_aЛипецк _cИзд-во Липецкого государственного технического университета _d2014 |
||
| 215 |
_a127 с. _cил. _d21 |
||
| 320 | _aБиблиогр.: с. 127 (10 назв.) | ||
| 606 | 1 |
_aЖелезоуглеродистые сплавы _jУчебные издания для высших учебных заведений _xСтруктура _91041245 _3RU\NLR\AUTH\66400985 |
|
| 675 | _a669.0 | ||
| 686 | 1 | _aК222.04я73-1 | |
| 700 | 1 |
_aРоготовский _bА. Н. _gАлександр Николаевич |
|
| 701 | 1 |
_aШипельников _bА. А. _gАлексей Александрович |
|
| 701 | 1 |
_7ca _8rus _aМихайлов _bВ. Г. _cканд. техн. наук _f1980- _gВалентин Геннадьевич _994994 _3RU\NLR\AUTH\77112069 |
|
| 801 | 0 |
_aRU _bРГБ _c20150828 _gRCR |
|
| 942 | _cBOOK | ||
| 980 | _aNBR | ||